Statistics for Biggest Trading Partners - France

Click here to take the quiz!

General Stats

  • This quiz has been taken 860 times
  • The average score is 16 of 19

Answer Stats

exportsimportscountry% Correct
79.1 bil96.1 bilGermany
99%
35.0 bil21.6 bilUnited Kingdom
99%
36.2 bil38.8 bilUnited States
99%
19.9 bil51.9 bilChina
97%
36.0 bil35.0 bilSpain
97%
35.3 bil41.7 bilItaly
96%
33.6 bil40.8 bilBelgium
92%
19.3 bil23.9 bilNetherlands
92%
6.97 bil9.31 bilJapan
91%
7.01 bilRussia
90%
15.3 bil16.0 bilSwitzerland
90%
8.56 bil9.90 bilPoland
88%
5.34 bilSouth Korea
81%
5.77 bil6.16 bilSweden
81%
7.87 bil7.41 bilTurkey
80%
7.02 bilIreland
76%
6.89 bilAlgeria
75%
6.84 bilCzechia
57%
5.93 bilSingapore
50%

Score Distribution

Percentile by Number Answered

Percent of People with Each Score

Your Score History

You have not taken this quiz